Canadian Law and Private Investigations

Bibliographic Details
Main Author: Groot, Norman J.
Format: eBook
Language:English
Published: Toronto: Irwin Law Inc., 2001
Subjects:
Online Access:Acceso restringido

MARC

LEADER 00000nam a22000007a 4500
005 20210831124614.0
007 cr|||| ||||
008 210831s2001 ca |||||s|||| 00||0 eng d
020 |a 9781459313507 
035 |a 35280 
040 |a vLex 
090 |c 12169  |d 12169 
100 1 |a Groot, Norman J. 
245 1 0 |a Canadian Law and Private Investigations  |h [Recurso electrn̤ico] /  |c Norman J. Groot 
256 |a Servicio en ln̕ea 
260 |a Toronto:  |b Irwin Law Inc.,  |c 2001 
300 |a 1 recurso electrn̤ico 
500 |a This book is a first of its kind in Canada. The growth of the private sector investigation industry in Canada is strong—especially in the corporate realm due to such concerns as the shrinking of public investigation resources, diminishing employee loyalty leading to increased wrongful acts, and an increase in corporate espionage. This book provides a body of academic research for this growth industry. The book is a useful reference text for those practising in the field of private sector investigations, for survey courses on the legal aspects of private sector investigations, and for lawyers, insurance adjusters, businesses and others who use investigative services. For all users of investigative services, this book provides an easy reference explaining the law as it applies to the private investigation industry. It gives the clients of private investigation services a basis to discuss with their investigators the methods used to obtain the results desired. 
506 1 |a Disponible solo en los productos indicados  |d vLex Global  |d vLex Global (Academic Edition, excluding Law Schools)  |d vLex Global (U.S. Academic Edition, Law Schools)  |d vLex Global (U.S. Academic Edition, excluding Law Schools)  |d vLex Global (Academic Edition, Law Schools) 
650 0 4 |a Derecho Mercantil y de la Empresa  |z Canad̀ 
740 0 |a vLex Libros (Servicio en ln̕ea) 
856 4 0 |u https://app.vlex.com/#/sources/35280  |z Acceso restringido 
942 |c BOOK 
999 0 |a Commercial and Company Law